Cooper's Leather-stocking novels : a secular reading /

Bibliographic Details
Main Author: Rans, Geoffrey
Corporate Author: NetLibrary, Inc
Format: eBook
Language:English
Published: Chapel Hill, N.C. : University of North Carolina Press, [1991]
Subjects:
Online Access:Connect to the full text of this electronic book

MARC

Tag First Indicator Second Indicator Subfields
LEADER 00000cam a2200000 4500
001 in00001588921
005 20220103183854.0
006 m u
007 cr cn|||||||||
008 001006s1991 ncu sb s001 0 eng
010 |z 91010607 
020 |a 0807863998 (electronic bk.) :  |c $49.95 
020 |z 0807819751 (alk. paper) 
035 |a 1582  |b (N$T) 
035 |a nL1582 
040 |a N$T  |c N$T  |d UtOrBLW 
043 |a n-us--- 
050 1 0 |a PS1438  |b .R3 1991eb 
082 0 4 |a 813/.2  |2 20 
100 1 |a Rans, Geoffrey.  |0 http://id.loc.gov/authorities/names/n91018357 
245 1 0 |a Cooper's Leather-stocking novels :  |b a secular reading /  |c by Geoffrey Rans. 
264 1 |a Chapel Hill, N.C. :  |b University of North Carolina Press,  |c [1991] 
264 4 |c ©1991 
300 |a xxvii, 292 pages ;  |c 25 cm. 
336 |a text  |b txt  |2 rdacontent 
337 |a computer  |b c  |2 rdamedia 
338 |a online resource  |b cr  |2 rdacarrier 
504 |a Includes bibliographical references (pages 245-286) and index. 
533 |a Electronic reproduction.  |b Boulder, Colo. :  |c NetLibrary,  |d 2000.  |n Available via World Wide Web.  |n Access may be limited to NetLibrary affiliated libraries. 
500 |a Electronic resource. 
600 1 0 |a Cooper, James Fenimore,  |d 1789-1851.  |t Leatherstocking tales.  |0 http://id.loc.gov/authorities/names/n2008064477 
650 0 |a Historical fiction, American  |x History and criticism.  |0 http://id.loc.gov/authorities/subjects/sh2008105681 
650 0 |a Frontier and pioneer life in literature.  |0 http://id.loc.gov/authorities/subjects/sh94004305 
655 0 |a Electronic books. 
710 2 |a NetLibrary, Inc.  |0 http://id.loc.gov/authorities/names/no99080690 
776 0 |c Original  |w (DLC) 91010607 
856 4 1 |u https://proxy.library.tamu.edu/login?url=http://www.netLibrary.com/urlapi.asp?action=summary&v=1&bookid=1582  |z Connect to the full text of this electronic book  |t 0 
999 |a MARS 
999 f f |s fd45fdf7-0f6f-3379-b171-27a082154da7  |i 36629644-b68a-33b4-bc18-7cc04aa09a7c  |t 0 
952 f f |a Texas A&M University  |b College Station  |c Electronic Resources  |d Available Online  |t 0  |e PS1438 .R3 1991eb  |h Library of Congress classification 
998 f f |a PS1438 .R3 1991eb  |t 0  |l Available Online